000 00356nam a2200133Ia 4500
008 220216s9999 xx 000 0 und d
100 _aOu-Udomying Boonharn
245 0 _aProspects for Thai rubber industry in China market
260 _bRubber International Magazine
_c2004
300 _a61
650 _aChina
650 _aRubber industry
942 _cJS
999 _c66026
_d66026